| 000 | 00933cad a22001935a 4500 | ||
|---|---|---|---|
| 001 | L150274 | ||
| 008 | 100618e20100618xxk f s 000 0 eng d | ||
| 035 | _a(Sirsi) u150278 | ||
| 041 | 0 | _aeng | |
| 110 | 2 |
_aCouncil of Mortgage Lenders _95903 |
|
| 245 | 0 | 0 |
_aMarket commentary _h[electronic resource] |
| 490 |
_aCML Market Commentary _vJune 2010 |
||
| 520 | _aThere is uncertainty as to how the Emergency Budget on 22 June 2010 will affect the housing and mortgage markets. Expected increases in capital gains tax is predicted to have an impact the buy to let market. Housing market activity remains subdued and is likely to remain so throughout 2010. | ||
| 590 | _aKA NTK | ||
| 651 | 4 |
_aEngland and Wales _y1543- |
|
| 690 | _aPROPERTY-RESIDENTIAL PROPERTY-RESIDENTIAL PROPERTY MARKET | ||
| 856 | 4 | 0 |
_uhttps://www.cml.org.uk/cml/publications/marketcommentary/217 _zView the commentary free of charge at www.cml.org.uk |
| 942 | _n0 | ||
| 999 |
_c110816 _d110816 |
||